Société des amis de Balzac (notice n° 1597650)

détails MARC
000 -LEADER
fixed length control field 01922cam a2200181 4500500
005 - DATE AND TIME OF LATEST TRANSACTION
control field 20251228074340.0
041 ## - LANGUAGE CODE
Language code of text/sound track or separate title fre
042 ## - AUTHENTICATION CODE
Authentication code dc
100 10 - MAIN ENTRY--PERSONAL NAME
Personal name Baron, Anne-Marie
Relator term author
245 00 - TITLE STATEMENT
Title Société des amis de Balzac
260 ## - PUBLICATION, DISTRIBUTION, ETC.
Date of publication, distribution, etc. 2022.<br/>
500 ## - GENERAL NOTE
General note 45
520 ## - SUMMARY, ETC.
Summary, etc. L’identification du château de L’Héritière de Birague (1822) à l’authentique château de Brézé, près de Saumur, témoigne du sens architectural d’Honoré Balzac, alias Lord R’Hoone, dans la mise en scène du roman frénétique qui use d’un vocabulaire gothique, tout en déployant une intrigue inscrite dans une véritable topographie palimpseste. Cette topographie fantomatique est analysée ici afin de la comparer au véritable château de Brézé, que Balzac a pu visiter à la fin de l’été 1820. Il l’a gardée à l’esprit en écrivant au second semestre 1821 L’Héritière de Birague. C’est un parfait exemple de ce que fera ensuite l’auteur de La Comédie humaine.
520 ## - SUMMARY, ETC.
Summary, etc. The identification of the château in L’Héritière de Birague (1822) with the actual château de Brézé, near Saumur, testifies to the architectural awareness of Honoré de Balzac, alias Lord R’Hoone, in the mise-en-scène of a roman noir that draws on Gothic vocabulary within a plot set in a truly palimpsest-like topography. This spectral topography is analysed here in order to compare it to the actual château de Brézé which Balzac was able to visit at the end of the summer of 1820. He kept it in mind while writing L’Héritière de Birague in the second semester of 1821. It is a perfect example of the writing of one who will become the author of La Comédie humaine.
700 10 - ADDED ENTRY--PERSONAL NAME
Personal name Gagneux, Yves
Relator term author
786 0# - DATA SOURCE ENTRY
Note L'Année balzacienne | 23 | 1 | 2022-10-19 | p. 443a-447a | 0084-6473
856 41 - ELECTRONIC LOCATION AND ACCESS
Uniform Resource Identifier <a href="https://shs.cairn.info/revue-l-annee-balzacienne-2022-1-page-443a?lang=fr&redirect-ssocas=7080">https://shs.cairn.info/revue-l-annee-balzacienne-2022-1-page-443a?lang=fr&redirect-ssocas=7080</a>

Pas d'exemplaire disponible.

PLUDOC

PLUDOC est la plateforme unique et centralisée de gestion des bibliothèques physiques et numériques de Guinée administré par le CEDUST. Elle est la plus grande base de données de ressources documentaires pour les Étudiants, Enseignants chercheurs et Chercheurs de Guinée.

Adresse

627 919 101/664 919 101

25 boulevard du commerce
Kaloum, Conakry, Guinée

Réseaux sociaux

Powered by Netsen Group @ 2025